| 000 | 00000nam 2200000zi 4500 |
| 001 | 9.942205 |
| 003 | CaOODSP |
| 005 | 20250107143414 |
| 006 | m o d f |
| 007 | cr |n||||||||| |
| 008 | 240821e202409 onc ob f000 0 fre d |
| 020 | |a9780660732756 |
| 040 | |aCaOODSP|bfre|erda|cCaOODSP |
| 043 | |an-cn--- |
| 086 | 1 |aH129-163/2024F-PDF |
| 245 | 00|aExigences relatives aux preuves d'innocuité pour les produits de blanchiment des dents contenant des peroxydes et des substances générant des peroxydes. |
| 264 | 1|aOttawa (Ontario) : |bSanté Canada = Health Canada, |cseptembre 2024. |
| 264 | 4|c©2024 |
| 300 | |a1 ressource en ligne (1 volume (en pagination multiple)) |
| 336 | |atexte|btxt|2rdacontent/fre |
| 337 | |ainformatique|bc|2rdamedia/fre |
| 338 | |aressource en ligne|bcr|2rdacarrier/fre |
| 500 | |aPublié aussi en anglais sous le titre : Evidence of safety requirements for tooth whitening products containing peroxide and peroxide-generating compounds. |
| 500 | |a« Pub. : 240498. » |
| 504 | |aComprend des références bibliographiques. |
| 520 | |a« Le présent document décrit les données probantes que Santé Canada évalue pour les produits de blanchiment des dents contenant des peroxydes et des substances générant des peroxydes » -- Portée, page 6. |
| 650 | 6|aDents|xBlanchiment|zCanada. |
| 650 | 6|aProduits commerciaux|xSécurité|zCanada. |
| 650 | 6|aConsommateurs|xProtection|zCanada. |
| 650 | 6|aCosmétiques|zCanada|xSécurité|xMesures. |
| 650 | 6|aCosmétiques|xÉtiquetage|xDroit|zCanada. |
| 710 | 1 |aCanada. |bSanté Canada, |eorganisme de publication. |
| 775 | 08|tEvidence of safety requirements for tooth whitening products containing peroxide and peroxide-generating compounds.|w(CaOODSP)9.942203 |
| 856 | 40|qPDF|s997 Ko|uhttps://publications.gc.ca/collections/collection_2025/sc-hc/H129-163-2024-fra.pdf |
| 856 | 4 |qHTML|sS.O.|uhttps://www.canada.ca/fr/sante-canada/services/securite-produits-consommation/cosmetiques/renseignements-reglementation/exigences-relatives-preuves-innocuite-pour-produits-blanchiment-dents-contenant-peroxydes-substances-generant-peroxydes.html |